000
00331nam a2200133Ia 4500
008
240624s9999 xx 000 0 und d
041
_a
eng
082
_a
658.314 BON
100
_a
DE BONO EDWARD
245
_a
TEACH YOURSELF TO THINK
260
_c
1995
_a
London
_b
Penguin Books
300
_a
254 : p. : cm. ; 22
365
_c
BPS
_b
25
999
_c
12903
_d
12903